书目信息 |
| 题名: |
植物化学成分
|
|
| 作者: | 陈业高 主编 | |
| 分册: | ||
| 出版信息: | 北京 化学工业出版社 2004 |
|
| 页数: | 283页 | |
| 开本: | 26cm | |
| 丛书名: | ||
| 单 册: | ||
| 中图分类: | Q946.91 | |
| 科图分类: | ||
| 主题词: | 植物--化学成分 , 植物 , 化学成分 | |
| 电子资源: | ||
| ISBN: | 7-5025-5291-X | |
| 000 | 00788nam0 2200253 450 | |
| 001 | 012007340693 | |
| 005 | 20070525152110.78 | |
| 010 | @a7-5025-5291-X@dCNY40.00 | |
| 100 | @a20070517d2004 km y0chiy0120 ea | |
| 101 | 0 | @achi |
| 102 | @aCN@b110000 | |
| 105 | @ay z 000yy | |
| 106 | @ar | |
| 200 | 1 | @a植物化学成分@Azhi wu hua xue cheng fen@f陈业高主编@Fchen ye gao zhu bian |
| 210 | @a北京@c化学工业出版社@d2004 | |
| 215 | @a283页@d26cm | |
| 330 | @a本书介绍植物化学概论、植物化学成分的研究程序、植物化学成分的提取、植物化学成分的结构鉴定方法等,并给出了同步思考题。 | |
| 606 | 0 | @a植物@x化学成分 |
| 606 | 0 | @a植物 |
| 606 | 0 | @a化学成分 |
| 690 | @aQ946.91@v4 | |
| 701 | 0 | @a陈业高@Achen ye gao@c(有机化学)@4主编 |
| 801 | 0 | @aCN@bRULIN@c20070525 |
| 905 | @dQ946.91@e157@s8 | |
| 植物化学成分/陈业高主编.-北京:化学工业出版社,2004 |
| 283页;26cm |
| ISBN 7-5025-5291-X:CNY40.00 |
| 本书介绍植物化学概论、植物化学成分的研究程序、植物化学成分的提取、植物化学成分的结构鉴定方法等,并给出了同步思考题。 |
| ● |
| 相关链接 |
|
|
|
|
正题名:植物化学成分
索取号:Q946.91/157
 
预约/预借
| 序号 | 登录号 | 条形码 | 馆藏地/架位号 | 状态 | 备注 |
| 1 | 0580733 | 205807331 | 第二样本阅览室/ [索取号:Q946.91/157] | 在馆 | |
| 2 | 0580734 | 205807340 | 第三借阅区/ [索取号:Q946.91/157] | 在馆 | |
| 3 | 0580735 | 205807359 | 第三借阅区/ [索取号:Q946.91/157] | 在馆 | |
| 4 | 0580736 | 205807368 | 第三借阅区/ [索取号:Q946.91/157] | 在馆 | |
| 5 | 0580737 | 205807377 | 第三借阅区/ [索取号:Q946.91/157] | 在馆 | |
| 6 | 0580738 | 205807386 | 第三借阅区/ [索取号:Q946.91/157] | 在馆 | |
| 7 | 0580739 | 205807395 | 第三借阅区/ [索取号:Q946.91/157] | 在馆 | |
| 8 | 0580740 | 205807402 | 第三借阅区/ [索取号:Q946.91/157] | 在馆 |